[Event "C.to Provinciale BG"]
[Site "Bergamo ITA"]
[Date "2005.11.11"]
[Round "6"]
[White "Bratti, Lorenzo"]
[Black "Gualdi, Paolo"]
[Result "1-0"]
[WhiteElo "1438"]
[BlackElo "1568"]
[PlyCount "52"]
[EventDate "2005.10.07"]

1. d4 d5 2. c4 c6 3. e3 Bf5 4. Bd3 Qc8 5. Ne2 Bxd3 6. Qxd3 Nf6 7. Ng3 e6 8. O-O
Bd6 9. e4 dxc4 10. Qc3 Bxg3 11. Qxg3 Rg8 12. e5 Nd5 13. Nd2 Nb6 14. Qc3 c5 15.
Nxc4 cxd4 16. Nd6+ Kd7 17. Qxd4 Qf8 18. Nxb7+ Nd5 19. Nc5+ Kc6 20. b4 Nxb4 21.
Be3 Nc2 22. Qa4+ Kd5 23. Rfd1+ Kxe5 24. Qxc2 Kf6 25. Ne4+ Kg6 26. Ng5+ Kf6 1-0

[Event "C.to Provinciale BG"]
[Site "Bergamo ITA"]
[Date "2005.11.11"]
[Round "6"]
[White "Canova, Luca"]
[Black "Mora, Lorenzo"]
[Result "1-0"]
[WhiteElo "2103"]
[BlackElo "1787"]
[PlyCount "85"]
[EventDate "2005.10.07"]

1. e4 e5 2. Nf3 Nc6 3. Bb5 a6 4. Ba4 Nf6 5. O-O Nxe4 6. d4 b5 7. Bb3 d5 8. dxe5
Be6 9. Nbd2 Nc5 10. c3 Nxb3 11. Nxb3 Be7 12. Re1 O-O 13. h3 Qd7 14. Qe2 Rfd8
15. Be3 Rab8 16. Bc5 a5 17. Nfd4 Nxd4 18. cxd4 a4 19. Bxe7 Qxe7 20. Nc5 Rdc8
21. Rac1 c6 22. Qd2 h6 23. Rc3 Qa7 24. Rg3 Kh8 25. Qf4 Rf8 26. Qh4 Qa5 27. Rd1
Qb4 28. b3 Rbe8 29. Rf3 Kh7 30. Kh2 axb3 31. axb3 Qa3 32. g4 g6 33. Rdd3 Qa7
34. b4 Qc7 35. Qf6 Qc8 36. Ra3 Qd8 37. Ra7 Qxf6 38. Rxf6 Kg8 39. Rc7 Rc8 40.
Nxe6 fxe6 41. Rxg6+ Kh8 42. Rxh6+ Kg8 43. Rxc8 1-0

[Event "C.to Provinciale BG"]
[Site "Bergamo ITA"]
[Date "2005.11.11"]
[Round "6"]
[White "Di Mauro, Valerio"]
[Black "Ranfagni, Stefano"]
[Result "0-1"]
[WhiteElo "1526"]
[BlackElo "1981"]
[PlyCount "56"]
[EventDate "2005.10.07"]

1. e4 e6 2. d4 d5 3. Nc3 dxe4 4. Nxe4 Nd7 5. Nf3 Ngf6 6. Nxf6+ Nxf6 7. Bd3 c5
8. dxc5 Bxc5 9. Bg5 h6 10. Bxf6 Qxf6 11. Bb5+ Ke7 12. c3 Rd8 13. Qe2 a6 14. Bd3
Bd7 15. a4 Bc6 16. Be4 Bxe4 17. Qxe4 Rd7 18. O-O Rad8 19. Qe2 g5 20. Rad1 Rxd1
21. Rxd1 Rxd1+ 22. Qxd1 g4 23. Nd4 e5 24. Qe2 Kf8 25. Nc2 h5 26. Ne3 Qf4 27. b4
Ba7 28. Qc4 Bxe3 0-1

[Event "C.to Provinciale BG"]
[Site "Bergamo ITA"]
[Date "2005.11.11"]
[Round "6"]
[White "Elitropi, Giorgio"]
[Black "Gerali, Paolo"]
[Result "1-0"]
[WhiteElo "2009"]
[BlackElo "1707"]
[PlyCount "99"]
[EventDate "2005.10.07"]

1. f4 d5 2. Nf3 Nf6 3. e3 g6 4. b3 Bg7 5. Bb2 c5 6. Be2 O-O 7. O-O Nc6 8. Ne5
Qc7 9. Nc3 a6 10. Nxc6 Qxc6 11. Bf3 Be6 12. Ne2 Qd7 13. h3 Rac8 14. Qe1 Rfd8
15. Be5 Bf5 16. d3 Qb5 17. g4 Bd7 18. Qh4 Qa5 19. Bc3 Qb6 20. g5 Ne8 21. Bxd5
Bc6 22. Bxc6 Qxc6 23. Qf2 Qe6 24. Qf3 b5 25. Rad1 b4 26. Bxg7 Nxg7 27. e4 Qb6
28. Kh1 Ne6 29. Ng1 Nd4 30. Qg2 Qc6 31. Nf3 Nxf3 32. Qxf3 a5 33. f5 gxf5 34.
Qxf5 Qg6 35. Rde1 Rc6 36. Re3 a4 37. Ref3 axb3 38. axb3 Qxf5 39. Rxf5 Rf8 40.
Kg2 f6 41. Kg3 Kg7 42. h4 Ra8 43. Kg4 Ra2 44. R1f2 Rca6 45. e5 fxg5 46. Rf7+
Kg8 47. Rf8+ Kg7 48. R2f7+ Kg6 49. h5+ Kh6 50. Rh8 1-0

[Event "C.to Provinciale BG"]
[Site "Bergamo ITA"]
[Date "2005.11.11"]
[Round "6"]
[White "Fiorona, Gianpietro"]
[Black "Cattaneo, Dario"]
[Result "0-1"]
[WhiteElo "1673"]
[BlackElo "1574"]
[PlyCount "82"]
[EventDate "2005.10.07"]

1. e4 e6 2. d4 d5 3. Nc3 c5 4. Bb5+ Bd7 5. a4 a6 6. Bxd7+ Qxd7 7. exd5 exd5 8.
Nf3 cxd4 9. Qxd4 Nf6 10. O-O Nc6 11. Re1+ Be7 12. Qd1 O-O 13. Ne2 Bc5 14. Be3
Bxe3 15. fxe3 Ne4 16. Nd2 Rfe8 17. Nxe4 Rxe4 18. Ng3 Re5 19. c3 Rae8 20. Qd3
Qe6 21. Nf1 Rg5 22. Rad1 Ne5 23. Qe2 h5 24. h3 Qxh3 25. Nh2 Qe6 26. Nf3 Nxf3+
27. Qxf3 Qe4 28. Qh3 Qxa4 29. Rd4 Qc6 30. Rf4 Qe6 31. Qf3 f6 32. Kf2 b5 33. Rh1
Qf7 34. Rfh4 Qg6 35. Rxh5 Qc2+ 36. Kg1 Qc1+ 37. Kh2 Rxh5+ 38. Qxh5 Qxe3 39.
Qxd5+ Qe6 40. Qb7 Qd6+ 41. Kh3 Re3+ 0-1

[Event "C.to Provinciale BG"]
[Site "Bergamo ITA"]
[Date "2005.11.11"]
[Round "6"]
[White "Lanni, Vincenzo"]
[Black "Impellizzeri, Francesco"]
[Result "0-1"]
[WhiteElo "1619"]
[BlackElo "1688"]
[PlyCount "56"]
[EventDate "2005.10.07"]

1. d4 d5 2. g3 Nf6 3. Bg2 e6 4. Nf3 Be7 5. O-O O-O 6. c3 b6 7. Nbd2 Bb7 8. Qc2
Nbd7 9. Re1 c5 10. h3 cxd4 11. Nxd4 Rc8 12. e4 Bc5 13. N2b3 Bd6 14. exd5 Bxd5
15. Bxd5 Nxd5 16. Nf3 b5 17. Bg5 Qb6 18. Kg2 h6 19. Be3 Nxe3+ 20. Rxe3 Nf6 21.
Rd1 Nd5 22. Ree1 Qc7 23. Qe2 Qb6 24. Nfd4 Nc7 25. Qh5 a5 26. Nd2 Nd5 27. Ne4
Bb8 28. g4 Nf4+ 0-1

[Event "C.to Provinciale BG"]
[Site "Bergamo ITA"]
[Date "2005.11.11"]
[Round "6"]
[White "Mazzotti, Federico"]
[Black "Gucciardo, Salvatore"]
[Result "0-1"]
[WhiteElo "1723"]
[BlackElo "1440"]
[PlyCount "56"]
[EventDate "2005.10.07"]

1. e4 e6 2. d4 d5 3. e5 c5 4. c3 Nc6 5. Nf3 Qb6 6. Bd3 cxd4 7. cxd4 Nge7 8. O-O
Bd7 9. Nc3 Ng6 10. a3 Rc8 11. Na4 Qc7 12. Bg5 b5 13. Nc3 a6 14. Rc1 Qb6 15. Qe2
Be7 16. Bxe7 Ngxe7 17. Qe3 h6 18. Qf4 Na5 19. Qg4 O-O 20. Rce1 Nc4 21. Re2 Nxa3
22. Nxd5 Nxd5 23. Qe4 f5 24. exf6 Nxf6 25. Qh4 Nc4 26. b3 Nd6 27. Ne5 Nf5 28.
Nxd7 Nxd7 0-1

[Event "C.to Provinciale BG"]
[Site "Bergamo ITA"]
[Date "2005.11.11"]
[Round "6"]
[White "Minieri, Filippo"]
[Black "Cambieri, Mario"]
[Result "0-1"]
[WhiteElo "2155"]
[BlackElo "1805"]
[PlyCount "76"]
[EventDate "2005.10.07"]

1. e4 c5 2. Nc3 d6 3. f4 Nf6 4. Nf3 g6 5. Bc4 Bg7 6. Ng5 O-O 7. O-O Nc6 8. a3
Bd7 9. Ne2 a6 10. a4 h6 11. Nf3 Be6 12. Bxe6 fxe6 13. c3 c4 14. Ned4 Nxd4 15.
cxd4 Rc8 16. b3 c3 17. Ba3 Qb6 18. a5 Qa7 19. Qe1 Ng4 20. Qg3 Ne3 21. Qxg6 Rf6
22. Qg3 Nc2 23. e5 Nxd4 24. Kh1 Nf5 25. Qe1 Rcf8 26. exd6 exd6 27. Qxe6+ Kh8
28. Ne5 dxe5 29. Bxf8 Rxf8 30. fxe5 Ne3 31. Rxf8+ Bxf8 32. Qf6+ Bg7 33. Qd8+
Kh7 34. e6 Qc5 35. e7 c2 36. Rg1 c1=Q 37. d4 Qc6 38. d5 Qg6 0-1

[Event "C.to Provinciale BG"]
[Site "Bergamo ITA"]
[Date "2005.11.11"]
[Round "6"]
[White "Riggio, Mauro"]
[Black "Bassis, Ivano"]
[Result "1/2-1/2"]
[WhiteElo "1874"]
[BlackElo "1886"]
[PlyCount "37"]
[EventDate "2005.10.07"]

1. e4 d5 2. exd5 Qxd5 3. Nc3 Qa5 4. d4 Nf6 5. Bd2 c6 6. Nf3 Bf5 7. Bc4 e6 8.
O-O Nbd7 9. Nd5 Qd8 10. Ne3 Bg6 11. Re1 Bd6 12. Bb3 Qc7 13. Nc4 O-O 14. Nxd6
Qxd6 15. c3 b5 16. Ne5 Bh5 17. g4 Bg6 18. Bf4 Nxe5 19. Bxe5 1/2-1/2

[Event "C.to Provinciale BG"]
[Site "Bergamo ITA"]
[Date "2005.11.11"]
[Round "6"]
[White "Riva, Carlo"]
[Black "Maggioni, Oliviero"]
[Result "1-0"]
[WhiteElo "1574"]
[BlackElo "1580"]
[PlyCount "60"]
[EventDate "2005.10.07"]

1. e4 c5 2. Nf3 Nc6 3. d4 cxd4 4. Nxd4 a6 5. Nxc6 bxc6 6. c4 Nf6 7. Nc3 d6 8.
Be2 Bd7 9. Be3 g6 10. Qc2 Bg7 11. f3 O-O 12. O-O Re8 13. Rad1 Qc7 14. Rd2 c5
15. Rfd1 Reb8 16. b3 Bc6 17. e5 Ne8 18. exd6 exd6 19. Bf4 Bd4+ 20. Kh1 Rd8 21.
b4 Qb7 22. bxc5 dxc5 23. Be3 Qb6 24. Bxd4 Rxd4 25. Bd3 Nd6 26. Ne2 Re8 27. Nxd4
Nxc4 28. Bxc4 cxd4 29. Qb3 Qa7 30. Rxd4 Kf8 1-0

[Event "C.to Provinciale BG"]
[Site "Bergamo ITA"]
[Date "2005.11.11"]
[Round "6"]
[White "Testa, Luigi"]
[Black "Gozzini, Giambattista"]
[Result "0-1"]
[WhiteElo "1542"]
[BlackElo "1727"]
[PlyCount "44"]
[EventDate "2005.10.07"]

1. e4 c6 2. d4 d5 3. e5 Bf5 4. Nf3 e6 5. Be2 c5 6. O-O Nc6 7. c3 Rc8 8. Nbd2
Nge7 9. a3 Ng6 10. Bb5 a6 11. Bxc6+ Rxc6 12. Re1 Be7 13. dxc5 Bxc5 14. Nd4 Bxd4
15. cxd4 Bc2 16. Qg4 Qb6 17. Nf3 Bf5 18. Qg3 Be4 19. Rd1 Qb3 20. Nd2 Qxd1+ 21.
Nf1 Rxc1 22. Rxc1 Qxc1 0-1

[Event "C.to Provinciale BG"]
[Site "Bergamo ITA"]
[Date "2005.11.11"]
[Round "6"]
[White "Valsecchi, Alessio"]
[Black "Mangili, Riccardo"]
[Result "1-0"]
[WhiteElo "1965"]
[BlackElo "1668"]
[PlyCount "87"]
[EventDate "2005.10.07"]

1. e4 e5 2. Nf3 Nc6 3. Bb5 f5 4. Nc3 fxe4 5. Nxe4 Nf6 6. Nxf6+ Qxf6 7. Qe2 Be7
8. O-O O-O 9. d3 d6 10. Bg5 Qg6 11. Bxc6 Bxg5 12. Bd5+ Kh8 13. Be4 Bf5 14. Nxg5
Qxg5 15. Bxf5 Rxf5 16. Qe4 Rb8 17. Rae1 Qf4 18. Re3 Qxe4 19. dxe4 Rf6 20. Rd1
Kg8 21. c4 Kf7 22. c5 Ke7 23. Red3 Rd8 24. f3 a6 25. Kf2 Ke6 26. Ke3 Rf7 27. g3
g5 28. Rh1 Rdf8 29. Ke2 g4 30. cxd6 gxf3+ 31. Kf2 cxd6 32. Rhd1 Rd7 33. Rxf3
Rxf3+ 34. Kxf3 d5 35. exd5+ Rxd5 36. Rxd5 Kxd5 37. Ke3 e4 38. g4 Ke5 39. h4 Kd5
40. h5 Ke6 41. Kxe4 Kf6 42. Kf4 h6 43. b4 b6 44. a4 1-0

[Event "C.to Provinciale BG"]
[Site "Bergamo ITA"]
[Date "2005.11.18"]
[Round "7"]
[White "Asperti, Fabio"]
[Black "Riggio, Mauro"]
[Result "0-1"]
[WhiteElo "1658"]
[BlackElo "1874"]
[PlyCount "90"]
[EventDate "2005.10.07"]

1. c4 Nf6 2. Nc3 d5 3. d4 g6 4. Nf3 Bg7 5. cxd5 Nxd5 6. Nxd5 Qxd5 7. e3 O-O 8.
b3 c5 9. Bb2 Nc6 10. Bc4 Qd8 11. O-O Bg4 12. Qe2 e5 13. h3 Bxf3 14. Qxf3 cxd4
15. Ba3 Qh4 16. Bxf8 Rxf8 17. exd4 e4 18. Qd1 Bxd4 19. Rc1 Rd8 20. Qe2 a6 21.
a4 Ne7 22. Kh2 Nf5 23. g3 Be5 24. Rg1 e3 25. Rc2 Nd4 26. Qxe3 Qf6 27. f4 Bxf4
28. Qxf4 Qxf4 29. gxf4 Nxc2 30. f5 Nd4 31. fxg6 Nf3+ 32. Kh1 Nxg1 33. gxf7+ Kg7
34. Kxg1 Rd2 35. Be6 a5 36. Bc4 Kf8 37. Kh1 Ke7 38. Kg1 Rc2 39. Bd5 b6 40. Kh1
Rc5 41. Bc4 Rxc4 42. f8=Q+ Kxf8 43. bxc4 Ke7 44. Kg2 Kd6 45. Kf3 Kc5 0-1

[Event "C.to Provinciale BG"]
[Site "Bergamo ITA"]
[Date "2005.11.18"]
[Round "7"]
[White "Bassis, Ivano"]
[Black "Biava, Pierluigi"]
[Result "1-0"]
[WhiteElo "1886"]
[BlackElo "1649"]
[PlyCount "67"]
[EventDate "2005.10.07"]

1. e4 c5 2. Nf3 Nc6 3. Bb5 a6 4. Bxc6 dxc6 5. d3 h6 6. Be3 Qb6 7. Nbd2 Be6 8.
a3 a5 9. b4 Nf6 10. Bxc5 Qa6 11. O-O Nd7 12. Bd4 f6 13. e5 f5 14. Nh4 O-O-O 15.
Ng6 Rg8 16. Nf4 c5 17. bxc5 g5 18. Nxe6 Qxe6 19. Qe1 Nb8 20. Bc3 Nc6 21. Nc4
Rd5 22. Nb6+ Kb8 23. Nxd5 Qxd5 24. d4 e6 25. Qd2 g4 26. Rab1 Bg7 27. Rb6 Ka7
28. Rfb1 Rb8 29. R1b5 Qa2 30. Bb2 Qc4 31. Rxa5+ Nxa5 32. Qxa5+ Qa6 33. Rxa6+
bxa6 34. Qc3 1-0

[Event "C.to Provinciale BG"]
[Site "Bergamo ITA"]
[Date "2005.11.18"]
[Round "7"]
[White "Bratti, Lorenzo"]
[Black "Basletta, Giovanni"]
[Result "0-1"]
[WhiteElo "1438"]
[BlackElo "1407"]
[PlyCount "112"]
[EventDate "2005.10.07"]

1. d4 d6 2. e4 g6 3. Nf3 Bg7 4. Bc4 Bg4 5. h3 Bd7 6. Ng5 Nh6 7. Qf3 O-O 8. c3
e6 9. O-O Re8 10. Be3 f6 11. Nxe6 Bxe6 12. d5 Bd7 13. Bf4 Nf7 14. Qe3 c6 15.
Nd2 c5 16. b4 b6 17. Rab1 b5 18. Bb3 c4 19. Bc2 Na6 20. Nf3 Nc7 21. Ra1 Nxd5
22. Qd2 Nxc3 23. Nd4 Nxe4 24. Bxe4 Rxe4 25. f3 Re8 26. Nc2 f5 27. Rad1 Rc8 28.
Qf2 Be6 29. Qxa7 Ra8 30. Qf2 Rxa2 31. Rd2 c3 32. Rdd1 Bb3 33. Rc1 g5 34. Bh2
Bxc2 35. Rxc2 Ra4 36. Rb1 d5 37. Qc5 Qd7 38. Bg3 d4 39. Rd1 Ra1 40. Rxa1 d3 41.
Rxc3 Bd4+ 42. Bf2 Bxc5 43. Bxc5 Re2 44. Rd1 d2 45. Re3 Rxe3 46. Bxe3 Qd3 47.
Bxd2 Qe2 48. Rb1 Qxd2 49. Kh2 Ne5 50. Kg3 Qf4+ 51. Kf2 Nd3+ 52. Kg1 h5 53. Rb3
Ne5 54. Kf2 h4 55. Re3 g4 56. hxg4 Nxg4+ 0-1

[Event "C.to Provinciale BG"]
[Site "Bergamo ITA"]
[Date "2005.11.18"]
[Round "7"]
[White "Canova, Luca"]
[Black "Nasoni, Paolo"]
[Result "1-0"]
[WhiteElo "2103"]
[BlackElo "1865"]
[PlyCount "43"]
[EventDate "2005.10.07"]

1. e4 e6 2. d4 d5 3. Nc3 Bb4 4. e5 c5 5. a3 Ba5 6. b4 cxd4 7. bxa5 dxc3 8. Qg4
Kf8 9. Nf3 Nc6 10. a6 bxa6 11. Bd3 Nge7 12. O-O Ng6 13. Re1 Qc7 14. Qh5 Kg8 15.
h4 Nce7 16. Qg4 h5 17. Qa4 Rb8 18. Be3 a5 19. Rab1 Rb2 20. Qe8+ Nf8 21. Ng5 Nf5
22. Bc5 1-0

[Event "C.to Provinciale BG"]
[Site "Bergamo ITA"]
[Date "2005.11.18"]
[Round "7"]
[White "Capata, Ion"]
[Black "Elitropi, Giorgio"]
[Result "1-0"]
[WhiteElo "2090"]
[BlackElo "2009"]
[PlyCount "49"]
[EventDate "2005.10.07"]

1. e4 Nc6 2. d4 d5 3. e5 f6 4. f4 Bf5 5. Nf3 Qd7 6. c3 e6 7. Nbd2 Nge7 8. b4
Ng6 9. Nb3 b6 10. a4 Bxb4 11. cxb4 Nxb4 12. Kf2 fxe5 13. Bd2 Bc2 14. Qc1 Bxb3
15. Bxb4 Bxa4 16. fxe5 a5 17. Ba3 b5 18. Qc5 b4 19. Bxb4 axb4 20. Rxa4 Rc8 21.
Ra7 Qe7 22. Bb5+ Kd8 23. Qxe7+ Nxe7 24. Ng5 Rf8+ 25. Ke1 1-0

[Event "C.to Provinciale BG"]
[Site "Bergamo ITA"]
[Date "2005.11.18"]
[Round "7"]
[White "Cattaneo, Dario"]
[Black "Minieri, Filippo"]
[Result "0-1"]
[WhiteElo "1574"]
[BlackElo "2155"]
[PlyCount "42"]
[EventDate "2005.10.07"]

1. d4 c5 2. Nf3 cxd4 3. Nxd4 d5 4. Bf4 f6 5. Bxb8 Rxb8 6. e3 e5 7. Nb3 a6 8. a3
Be6 9. c3 Bd6 10. Be2 Ne7 11. Bh5+ g6 12. Be2 Rc8 13. N1d2 Bb8 14. e4 O-O 15.
O-O f5 16. exd5 Nxd5 17. Nf3 e4 18. Nfd4 Qc7 19. g3 Bf7 20. c4 Nf4 21. gxf4
Qxf4 0-1

[Event "C.to Provinciale BG"]
[Site "Bergamo ITA"]
[Date "2005.11.18"]
[Round "7"]
[White "Di Mauro, Valerio"]
[Black "Merletti, Vincenzo"]
[Result "0-1"]
[WhiteElo "1526"]
[BlackElo "1596"]
[PlyCount "122"]
[EventDate "2005.10.07"]

1. e4 Nf6 2. e5 Nd5 3. c4 Nb6 4. d4 e6 5. Nf3 Nc6 6. Be3 d5 7. c5 Nd7 8. Bd3 b6
9. cxb6 axb6 10. a3 Nb4 11. Be2 c5 12. Nc3 Nc6 13. O-O Be7 14. Bb5 Bb7 15. Rc1
O-O 16. Bxc6 Bxc6 17. Nd2 f6 18. Qg4 f5 19. Qe2 c4 20. f4 b5 21. Qf3 b4 22.
axb4 Bxb4 23. Nxc4 Bb7 24. Nb5 Ba6 25. Nbd6 dxc4 26. Rfd1 Nb6 27. d5 Nxd5 28.
Nxc4 Bxc4 29. Rxc4 Ra2 30. Rxb4 Qa5 31. Rb3 Rc8 32. Rbd3 Rxb2 33. Bc1 Rbc2 34.
Ba3 R2c3 35. Bd6 Rxd3 36. Rxd3 Qe1+ 37. Qf1 Qxf1+ 38. Kxf1 Nxf4 39. Rb3 Kf7 40.
g3 Nd5 41. Ba3 g5 42. Rb7+ Kg6 43. Rb1 h5 44. Bc1 Rc2 45. Kg1 Re2 46. Bb2 f4
47. gxf4 gxf4 48. Ba3 Rxe5 49. Rf1 Kf5 50. Bd6 Re2 51. h3 e5 52. Rd1 Ke4 53.
Bc5 Ne3 54. Ra1 Kf3 55. Bxe3 Rxe3 56. Rf1+ Kg3 57. Ra1 f3 58. Kf1 Rd3 59. Rc1
e4 60. h4 e3 61. Kg1 e2 0-1

[Event "C.to Provinciale BG"]
[Site "Bergamo ITA"]
[Date "2005.11.18"]
[Round "7"]
[White "Elsido, Massimo"]
[Black "Gozzini, Giambattista"]
[Result "1-0"]
[WhiteElo "1757"]
[BlackElo "1727"]
[PlyCount "139"]
[EventDate "2005.10.07"]

1. e4 c6 2. d4 d5 3. e5 Bf5 4. Ne2 e6 5. Ng3 Bg6 6. Nd2 c5 7. c3 Nc6 8. Nf3 Qb6
9. Qb3 Qxb3 10. axb3 cxd4 11. cxd4 Bc2 12. Bb5 Bb4+ 13. Bd2 Bxd2+ 14. Nxd2 Nge7
15. Rc1 Bg6 16. O-O O-O 17. Nf3 a6 18. Bxc6 Nxc6 19. Rc3 Rfc8 20. Rfc1 Kf8 21.
Ne2 Ke8 22. Nh4 Kd7 23. Nxg6 hxg6 24. Kf1 Rh8 25. h3 Rac8 26. f3 Nb4 27. Ke1
Rxc3 28. Rxc3 Nc6 29. Kd2 Ne7 30. Ng3 g5 31. Ke3 f5 32. Ne2 f4+ 33. Kf2 Nf5 34.
Rd3 Rc8 35. Rd2 Rc6 36. Nc3 b5 37. Ne2 Kc7 38. g3 fxg3+ 39. Nxg3 g6 40. Ne2 b4
41. f4 Kb6 42. fxg5 Rc8 43. Nf4 Rh8 44. Kg2 Ng7 45. Kh2 Rf8 46. Nxg6 Rf3 47.
Kg2 Rxb3 48. Nf4 a5 49. Nd3 Nf5 50. Nc5 Rg3+ 51. Kf2 Rxh3 52. Nxe6 a4 53. Nf4
Rb3 54. Ke1 a3 55. bxa3 bxa3 56. Ra2 Nxd4 57. g6 Re3+ 58. Kd2 Rxe5 59. Rxa3 Nf5
60. Ra8 Kc6 61. Rf8 Kd7 62. Ra8 Re8 63. Ra7+ Kd6 64. Nh5 Rg8 65. Kd3 Ne7 66.
Ra6+ Ke5 67. g7 Nf5 68. Ra7 Ke6 69. Ra6+ Ke7 70. Rg6 $139 1-0

[Event "C.to Provinciale BG"]
[Site "Bergamo ITA"]
[Date "2005.11.18"]
[Round "7"]
[White "Gualdi, Paolo"]
[Black "Brambilla, Augusto"]
[Result "1-0"]
[WhiteElo "1568"]
[BlackElo "1419"]
[PlyCount "163"]
[EventDate "2005.10.07"]

1. c4 c5 2. Nc3 Nf6 3. Nf3 Nc6 4. g3 d5 5. cxd5 Nxd5 6. Bg2 Bf5 7. e4 Nxc3 8.
bxc3 Bxe4 9. O-O Qd5 10. Re1 Rd8 11. Qe2 Bd3 12. Qe3 Rd6 13. Nd4 Qc4 14. Bxc6+
bxc6 15. Nf3 Re6 16. Qg5 Rxe1+ 17. Nxe1 Be4 18. Qf4 Bd5 19. Qxc4 Bxc4 20. d3
Bd5 21. Be3 e5 22. c4 Be6 23. f3 Be7 24. Rb1 O-O 25. Rb7 Re8 26. Rxa7 h6 27.
Ra5 Rb8 28. g4 Rb1 29. Kf1 Bh4 30. Bf2 Bg5 31. Rxc5 f5 32. Rxe5 Kf7 33. h3 Bf4
34. Re2 fxg4 35. hxg4 g6 36. Be3 Bxe3 37. Rxe3 Kf6 38. Kf2 Rb2+ 39. Re2 Rb8 40.
a4 h5 41. Kg3 hxg4 42. fxg4 Ra8 43. Ra2 Kg5 44. Nf3+ Kh6 45. a5 Ra6 46. Kf4 Bd7
47. d4 Bc8 48. Ne5 Be6 49. Ke4 Kg5 50. d5 cxd5+ 51. cxd5 Bc8 52. Kd4 Kf6 53.
Ke4 Rd6 54. Rf2+ Kg7 55. g5 Ra6 56. Nc6 Bf5+ 57. Ke5 Ra8 58. d6 Ra6 59. Kd5 Kf7
60. Re2 Ra8 61. Re7+ Kf8 62. Rh7 Re8 63. Rh8+ Kf7 64. Rxe8 Kxe8 65. a6 Bc8 66.
a7 Bb7 67. Kc5 Kd7 68. Na5 Ba8 69. Nc4 Bb7 70. Nb6+ Kd8 71. a8=Q+ Bxa8 72. Nxa8
Kd7 73. Nb6+ Kd8 74. Kc6 Ke8 75. Kc7 Kf7 76. d7 Ke6 77. d8=Q Kf5 78. Kd6 Kg4
79. Qf6 Kg3 80. Ke5 Kg4 81. Ke4 Kh5 82. Kf3 1-0

[Event "C.to Provinciale BG"]
[Site "Bergamo ITA"]
[Date "2005.11.18"]
[Round "7"]
[White "Gucciardo, Salvatore"]
[Black "Valsecchi, Alessio"]
[Result "0-1"]
[WhiteElo "1440"]
[BlackElo "1965"]
[PlyCount "68"]
[EventDate "2005.10.07"]

1. e4 c5 2. Nf3 d6 3. Bc4 Nf6 4. d3 g6 5. c3 Bg7 6. Nbd2 O-O 7. Bb3 Nc6 8. O-O
Rb8 9. h3 e5 10. Re1 b5 11. Nf1 Qe7 12. Bg5 h6 13. Be3 Kh7 14. N3h2 Be6 15. Ng4
Na5 16. Nxf6+ Qxf6 17. Bd5 b4 18. Qa4 Qd8 19. Bxe6 fxe6 20. Bd2 Qb6 21. cxb4
cxb4 22. Ne3 Nc6 23. Rec1 Nd4 24. Be1 Ne2+ 25. Kh1 Nxc1 26. Rxc1 Rbc8 27. Nc4
Qc6 28. Qxc6 Rxc6 29. Bxb4 d5 30. exd5 exd5 31. Bxf8 Bxf8 32. Re1 dxc4 33. dxc4
Rxc4 34. Rxe5 Rc1+ 0-1

[Event "C.to Provinciale BG"]
[Site "Bergamo ITA"]
[Date "2005.11.18"]
[Round "7"]
[White "Impellizzeri, Francesco"]
[Black "Cambieri, Mario"]
[Result "1-0"]
[WhiteElo "1688"]
[BlackElo "1805"]
[PlyCount "41"]
[EventDate "2005.10.07"]

1. d4 Nf6 2. c4 c5 3. d5 e6 4. Nc3 exd5 5. cxd5 d6 6. e4 g6 7. f4 Bg7 8. Bb5+
Nbd7 9. e5 dxe5 10. fxe5 Qe7 11. Qe2 Nh5 12. Nf3 a6 13. Bg5 f6 14. d6 axb5 15.
dxe7 fxg5 16. Nd5 g4 17. Ng5 Nxe5 18. O-O c4 19. Ne4 Kd7 20. Ndf6+ Nxf6 21.
Nxf6+ 1-0

[Event "C.to Provinciale BG"]
[Site "Bergamo ITA"]
[Date "2005.11.18"]
[Round "7"]
[White "Longo, Pietro"]
[Black "Scarpellini, Felice"]
[Result "1/2-1/2"]
[WhiteElo "1757"]
[BlackElo "1948"]
[PlyCount "67"]
[EventDate "2005.10.07"]

1. e4 d6 2. d4 g6 3. Nc3 Bg7 4. Nf3 Bg4 5. Be2 Nd7 6. Be3 c6 7. a4 a5 8. Qd2
Ngf6 9. O-O O-O 10. Rad1 Qc7 11. Rfe1 e5 12. dxe5 dxe5 13. Qd6 Qxd6 14. Rxd6
Rfe8 15. h3 Bxf3 16. Bxf3 Bf8 17. Rd3 Nc5 18. Rd2 Red8 19. Red1 Rxd2 20. Rxd2
Rb8 21. Bg5 Kg7 22. Be3 b5 23. axb5 cxb5 24. Bxc5 Bxc5 25. Nd5 b4 26. Nxf6 Kxf6
27. Rd5 Bd4 28. Rxa5 Bxb2 29. Rc5 Rb7 30. Be2 Bd4 31. Rc6+ Kg7 32. Bc4 Rb6 33.
Rxb6 Bxb6 34. Kf1 1/2-1/2

[Event "C.to Provinciale BG"]
[Site "Bergamo ITA"]
[Date "2005.11.18"]
[Round "7"]
[White "Mangili, Riccardo"]
[Black "Marcelloni, Dario"]
[Result "1-0"]
[WhiteElo "1668"]
[BlackElo "1580"]
[PlyCount "41"]
[EventDate "2005.10.07"]

1. Nf3 Nf6 2. b3 d5 3. Bb2 c5 4. e3 Nc6 5. d4 e6 6. c4 cxd4 7. Nxd4 Bb4+ 8. Nc3
Ne4 9. Rc1 Qf6 10. Qf3 Qe5 11. Be2 Bd7 12. a3 Bxc3+ 13. Bxc3 Nxc3 14. Rxc3 Nxd4
15. exd4 Qxd4 16. O-O Bc6 17. Rd1 Qf6 18. cxd5 Bxd5 19. Bb5+ Kd8 20. Qg3 Rc8
21. Qd6# 1-0

[Event "C.to Provinciale BG"]
[Site "Bergamo ITA"]
[Date "2005.11.18"]
[Round "7"]
[White "Mora, Lorenzo"]
[Black "Stefanelli, Alfredo"]
[Result "1/2-1/2"]
[WhiteElo "1787"]
[BlackElo "1787"]
[PlyCount "97"]
[EventDate "2005.10.07"]

1. Nf3 d5 2. g3 g6 3. Bg2 Bg7 4. d3 h6 5. O-O e5 6. Nbd2 Ne7 7. e4 Be6 8. Qe2
Nbc6 9. c3 O-O 10. exd5 Bxd5 11. Nc4 Re8 12. Nfxe5 Bxg2 13. Kxg2 Nxe5 14. Nxe5
Nd5 15. d4 f6 16. f4 fxe5 17. fxe5 c5 18. Bd2 cxd4 19. cxd4 Qb6 20. Bc3 Qc6 21.
Rf3 Rf8 22. Raf1 Rxf3 23. Rxf3 Nxc3 24. bxc3 Rf8 25. h3 h5 26. Kf2 Qxc3 27.
Rxf8+ Kxf8 28. Qe4 Bh6 29. e6 Qb2+ 30. Kf1 Qc1+ 31. Kf2 Qd2+ 32. Kf3 Qd1+ 33.
Kf2 Qd2+ 34. Kf3 Ke7 35. Qxb7+ Kxe6 36. Qc8+ Kf6 37. Qh8+ Bg7 38. Qd8+ Kf7 39.
Qd5+ Ke7 40. Qc5+ Ke6 41. Qc6+ Kf5 42. Qd7+ Kf6 43. Qd8+ Ke6 44. Qg8+ Kf6 45.
Qd8+ Kf5 46. Qd5+ Kf6 47. Qd8+ Ke6 48. Qg8+ Kf6 49. Qd8+ 1/2-1/2

[Event "C.to Provinciale BG"]
[Site "Bergamo ITA"]
[Date "2005.11.18"]
[Round "7"]
[White "Ranfagni, Stefano"]
[Black "Gerali, Paolo"]
[Result "1/2-1/2"]
[WhiteElo "1981"]
[BlackElo "1707"]
[PlyCount "60"]
[EventDate "2005.10.07"]

1. b3 Nf6 2. Bb2 d5 3. Nf3 g6 4. e3 Bg7 5. c4 c6 6. d4 Bf5 7. Bd3 Bxd3 8. Qxd3
Nbd7 9. O-O O-O 10. Nbd2 e5 11. dxe5 Ng4 12. cxd5 Ndxe5 13. Qe2 Nxf3+ 14. Nxf3
Bxb2 15. Qxb2 Qxd5 16. h3 Nh6 17. Rad1 Qe6 18. Qd4 Rfd8 19. Qh4 Rxd1 20. Rxd1
Nf5 21. Qf4 Re8 22. g4 Ng7 23. Ng5 Qe7 24. Rd4 f6 25. Ne4 Ne6 26. Nxf6+ Kh8 27.
Qe5 Nxd4 28. Qxd4 Rd8 29. Qc3 Qg7 30. g5 Qf7 1/2-1/2

[Event "C.to Provinciale BG"]
[Site "Bergamo ITA"]
[Date "2005.11.18"]
[Round "7"]
[White "Riva, Carlo"]
[Black "Mazzotti, Federico"]
[Result "0-1"]
[WhiteElo "1574"]
[BlackElo "1723"]
[PlyCount "44"]
[EventDate "2005.10.07"]

1. e4 c5 2. Nf3 Nc6 3. d4 cxd4 4. Nxd4 Qc7 5. Nxc6 Qxc6 6. f3 Nf6 7. c4 e6 8.
Nc3 b6 9. Be3 Ba6 10. Qa4 Qxa4 11. Nxa4 Bb4+ 12. Bd2 Bxd2+ 13. Kxd2 Rc8 14. b3
d6 15. Nc3 Ke7 16. Rc1 Rc7 17. Be2 Rhc8 18. Rhe1 Rc5 19. g4 R5c7 20. a4 Nd7 21.
Rc2 Nc5 22. Rec1 Nxb3+ 0-1